লোডিং...

Portfolio Management: Theory and application

গ্রন্থ-পঞ্জীর বিবরন
প্রধান লেখক: Farrell, James L
বিন্যাস: Printed Book
প্রকাশিত: McGraw-Hill Book Co. Inc., New York 1997
সংস্করন:2 edition
মালা:McGraw-Hill Series in Finance
বিষয়গুলি:
LEADER 00620nam a2200193 4500
020 |a 701142444  |c $14.50 
082 |a 332.632 FAR 
100 |a Farrell, James L 
245 |a Portfolio Management: Theory and application  |c Farrell, James L 
250 |a 2 edition 
260 |a McGraw-Hill Book Co. Inc., New York  |c 1997 
300 |a 560 p 
490 |a McGraw-Hill Series in Finance 
500
590
650 |a Security analysis--Portfolio management 
942 |c BK 
999 |c 135684  |d 135684 
952 |0 0  |1 0  |4 0  |6 332_632000000000000_FAR  |7 0  |9 149144  |a IMK  |b IMK  |g 0.00  |l 0  |o 332.632 FAR  |p IMK02690  |r 2019-10-25  |w 2019-10-25  |y BK